Score 0/12 Timer 03:00
3 Plays Today
Scrambled Fish Answer % Correct
LOGDGold
97.2%
RUOTTTrout
96.9%
MALSONSalmon
96.7%
REDNOUFLFlounder
88.4%
HIAM AIHMMahi Mahi
87%
BILAHUTHalibut
81.5%
CKODDAHHaddock
75.1%
REHNIRGHerring
73%
PANSPERSnapper
71.2%
DINESARSardine
67.9%
KEELRCAMMackerel
61.2%
CHYVANOAnchovy
53.1%
Remove Ads.
Support Sporcle.
Get the best of Sporcle when you Go Orange. This ad-free experience offers more features, more stats, and more fun while also helping to support Sporcle. Thank you for becoming a member.

You're not logged in!

Compare scores with friends on all Sporcle quizzes.
OR
Log In

Show Comments

Extras

Top Quizzes Today


Score Distribution

Your Account Isn't Verified!

In order to create a playlist on Sporcle, you need to verify the email address you used during registration. Go to your Sporcle Settings to finish the process.

Report this User

Report this user for behavior that violates our Community Guidelines.

Details: